[Event "Hebraica op 31st"]
[Site "Hebraica"]
[Date "2023.07.02"]
[Round "6"]
[White "Dos Santos, Fabricio Ferreira"]
[Black "Palatnic, Armando"]
[Result "1-0"]
[WhiteElo "1788"]
[BlackElo "1598"]
[PlyCount "59"]
[EventDate "2023.06.30"]
[EventType "swiss"]
[EventRounds "6"]
[EventCountry "BRA"]
[SourceTitle "CBM 215 Extra"]
[Source "ChessBase"]
[SourceDate "2023.09.30"]
[SourceVersion "1"]
[SourceVersionDate "2023.09.30"]
[SourceQuality "1"]

1. d4 e6 2. e4 d5 3. e5 c5 4. c3 Nc6 5. Nf3 Qb6 6. a3 Nge7 7. b4 cxd4 8. cxd4 Nf5 9. Be3 a6 10. Bd3 Nxe3 11. fxe3 Be7 12. 0-0 Bd7 13. Nc3 Qd8 14. Rc1 b5 15. e4 dxe4 16. Nxe4 Qb6 17. Nc5 Rd8 18. Be4 Nb8 19. Kh1 Bc6 20. Qe2 Bd5 21. Bd3 Nc6 22. Rc3 g5 23. Nxg5 Bxg5 24. Qh5 Qa7 25. Qxg5 Qe7 26. Qg7 Rf8 27. Be4 Nxd4 28. Bxd5 Rxd5 29. Ne4 Nf5 30. Nf6+ 1-0

[Event "Criciuma op"]
[Site "Criciuma"]
[Date "2023.01.19"]
[Round "9"]
[White "Dos Santos, Fabricio Ferreira"]
[Black "Carvalho, Felipe Lobo C"]
[Result "0-1"]
[WhiteElo "1855"]
[BlackElo "2068"]
[PlyCount "80"]
[EventDate "2023.01.13"]
[EventType "swiss"]
[EventRounds "9"]
[EventCountry "BRA"]
[SourceTitle "CBM 212 Extra"]
[Source "ChessBase"]
[SourceDate "2023.03.31"]
[SourceVersion "1"]
[SourceVersionDate "2023.03.31"]
[SourceQuality "1"]

1. c4 Nf6 2. Nf3 g6 3. g3 Bg7 4. Bg2 0-0 5. 0-0 d6 6. d4 Nbd7 7. Nc3 e5 8. e4 c6 9. h3 Qb6 10. dxe5 Nxe5 11. Nxe5 dxe5 12. Qe2 Be6 13. Be3 Qb4 14. Qc2 Bxc4 15. Rfd1 Rfd8 16. b3 Be6 17. Na4 Qe7 18. Nc5 b6 19. Nd3 Qc7 20. Nb4 c5 21. Nd5 Nxd5 22. exd5 Bf5 23. Qc4 Qd6 24. Rac1 Rac8 25. Qa6 Rc7 26. a4 Bc8 27. Qc4 Rcd7 28. a5 Bb7 29. axb6 axb6 30. Rb1 Bf8 31. Qb5 Qc7 32. Bg5 Be7 33. d6 Rxd6 34. Rxd6 Rxd6 35. Bxe7 Qxe7 36. Bxb7 Qxb7 37. Qe8+ Kg7 38. Qxe5+ Rf6 39. g4 h6 40. f4 Qf3 0-1

[Event "Niteroi op 2nd"]
[Site "Niteroi"]
[Date "2022.09.04"]
[Round "6"]
[White "Freitas, Andre Henrique Lem"]
[Black "Dos Santos, Fabricio Ferreira"]
[Result "1-0"]
[WhiteElo "2184"]
[BlackElo "1882"]
[PlyCount "73"]
[EventDate "2022.09.01"]
[EventType "swiss"]
[EventRounds "9"]
[EventCountry "BRA"]
[SourceTitle "CBM 210 Extra"]
[Source "ChessBase"]
[SourceDate "2022.11.30"]
[SourceVersion "1"]
[SourceVersionDate "2022.11.30"]
[SourceQuality "1"]

1. d4 d5 2. Nf3 e6 3. c4 c5 4. g3 Nf6 5. cxd5 exd5 6. Bg2 Nc6 7. 0-0 Be7 8. Nc3 0-0 9. dxc5 Bxc5 10. a3 h6 11. b4 Bb6 12. Na4 Be6 13. Bb2 Ne4 14. Nxb6 Qxb6 15. Nd4 Nd6 16. Nxc6 bxc6 17. Bd4 Qa6 18. Qd2 Rfe8 19. Bf3 Bf5 20. Qf4 Rad8 21. h4 Be4 22. Bh5 Bg6 23. Bf3 Be4 24. Rfe1 Nb5 25. Bb2 Qb6 26. Qg4 Nd4 27. Rad1 Bxf3 28. exf3 Rxe1+ 29. Rxe1 c5 30. Kg2 a5 31. Bc3 axb4 32. axb4 h5 33. Qg5 f6 34. Qxh5 cxb4 35. Re7 Ne6 36. Qf7+ Kh7 37. Rxe6 1-0

[Event "Vale Paraiba-ch"]
[Site "Sao Jose dos Campos"]
[Date "2022.04.22"]
[Round "4"]
[White "Casalaspro, Mathias Andre"]
[Black "Dos Santos, Fabricio Ferreira"]
[Result "1/2-1/2"]
[WhiteElo "1596"]
[BlackElo "1927"]
[PlyCount "79"]
[EventDate "2022.04.21"]
[EventType "swiss"]
[EventRounds "6"]
[EventCountry "BRA"]
[SourceTitle "EXT 2023"]
[Source "ChessBase"]
[SourceDate "2022.10.05"]
[SourceVersion "1"]
[SourceVersionDate "2022.10.05"]
[SourceQuality "1"]

1. e4 c5 2. Nf3 g6 3. d4 cxd4 4. Nxd4 Bg7 5. c4 Nc6 6. Be3 d6 7. Nc3 Nf6 8. Be2 0-0 9. f3 a5 10. Qd2 a4 11. 0-0 Qa5 12. Rfd1 Bd7 13. Ndb5 Rfc8 14. Qe1 Ne5 15. b3 Bxb5 16. Nxb5 Qxe1+ 17. Rxe1 Nfd7 18. Bd4 Nc6 19. Bxg7 Kxg7 20. Rab1 axb3 21. axb3 Nc5 22. b4 Ne6 23. Nc3 Ned4 24. Nd5 Ra2 25. Kf1 Kf8 26. c5 Ne5 27. Nb6 Rd8 28. f4 Nd7 29. Nxd7+ Rxd7 30. Bc4 Rc2 31. Rec1 Rxc1+ 32. Rxc1 Rc7 33. Ba2 b6 34. Rc4 dxc5 35. bxc5 bxc5 36. Kf2 Nb5 37. e5 f6 38. Ra4 Ra7 39. Rxa7 Nxa7 40. Ke3 1/2-1/2